| 000 | 00537nam a2200193Ia 4500 | ||
|---|---|---|---|
| 005 | 20260429112156.0 | ||
| 008 | 260429s9999||||xx |||||||||||||| ||und|| | ||
| 020 | _a9781639898961 | ||
| 041 | _aEnglish | ||
| 082 |
_a571.2 _bPAR |
||
| 100 | _aParker, Harvey | ||
| 245 | 0 |
_aPlant-microbe interactions : _bagro-ecological perspectives / _cHarvey Parker |
|
| 250 | _a1st ed. | ||
| 260 |
_aNew York : _bStates Academic Press, _c2025. |
||
| 300 | _avii, 242 p.; hb | ||
| 650 | _a Agro-ecology | ||
| 650 | _aPlant-Microbe | ||
| 942 | _cTB | ||
| 999 |
_c52736 _d52736 |
||